[Event "CSR-chT"]
[Site "Czechoslovakia"]
[Date "1992.??.??"]
[Round "?"]
[White "Szymczak, Zbigniew"]
[Black "Grunberg, Sergiu Henric"]
[Result "1/2-1/2"]
[WhiteElo "2325"]
[BlackElo "2375"]
[PlyCount "35"]
[EventDate "1992.??.??"]
[EventType "team"]
[EventRounds "13"]
[EventCountry "CSR"]
[SourceTitle "TD"]
[Source "ChessBase"]
[SourceDate "1994.03.01"]
[SourceVersion "1"]
[SourceVersionDate "1994.03.01"]
[SourceQuality "1"]

1. d4 f5 2. Bg5 c6 3. c3 d5 4. e3 Nd7 5. Bd3 g6 6. h4 Bg7 7. h5 Ngf6 8. hxg6 hxg6 9. Rxh8+ Bxh8 10. Nf3 Ne4 11. Bf4 e6 12. Nbd2 Qe7 13. Qe2 e5 14. dxe5 Nxe5 15. Nxe5 Bxe5 16. Bxe5 Qxe5 17. Nf3 Qf6 18. 0-0-0 1/2-1/2

[Event "CSR-chT 9091"]
[Site "Czechoslovakia"]
[Date "1991.03.17"]
[Round "12.2"]
[White "Mozny, Milos"]
[Black "Grunberg, Sergiu Henric"]
[Result "1/2-1/2"]
[WhiteElo "2385"]
[BlackElo "2375"]
[PlyCount "39"]
[EventDate "1990.??.??"]
[EventType "team"]
[EventRounds "14"]
[EventCountry "CSR"]
[SourceTitle "EXT 2002"]
[Source "ChessBase"]
[SourceDate "2001.11.25"]
[SourceVersion "1"]
[SourceVersionDate "2001.11.25"]
[SourceQuality "1"]

1. d4 f5 2. Nf3 Nf6 3. h3 d5 4. g4 c5 5. gxf5 Bxf5 6. e3 Nc6 7. Bd3 Be4 8. Nc3 cxd4 9. exd4 e6 10. Rg1 Qb6 11. Ng5 Bxd3 12. Qxd3 Qxd4 13. Nxe6 Qxd3 14. cxd3 Kf7 15. Ng5+ Kg8 16. Nf3 h6 17. Be3 Kf7 18. Kd2 Bd6 19. Nd4 Nxd4 20. Bxd4 1/2-1/2